000 00923nam a2200265 a 4500
999 _c7945
_d7945
001 7945
003 BD-JhCC
005 20180215171931.0
008 870401s1973 ru 000 0 eng d
035 _a(BD-JhCC)7945
040 _aANL
_beng
_cANL
_dBD-JhCC
041 _aeng
050 0 0 _aHX39.5.A224
082 0 4 _a335.4108
_2MAR 1973
100 1 _aMarx, Karl,
_d1818-1883.
245 _aKarl Marx and Frederick Engels :
_bSelected Works in three Volumes /
_cKarl Marx, 1818-1883; Friedrich Engels, 1820-1895
260 _aMoscow :
_bProgress Publishers,
_c1973.
300 _a3 v. :
_bports. ;
_c22 cm.
500 _a"Follows the Russian edition ... prepared by the Institute of Marxism-Leninism, ... Moscow, 1966.".
504 _aIncludes bibliographical references.
650 0 _aMarxian economics
_xCollections.
650 0 _aSocialism
_xCollections.
700 1 _aEngels, Friedrich,
_d1820-1895.
942 _2ddc
_cBK